Determinanty výšky individuálnych pracovných príjmov zamestnancov v Slovenskej republike
Identifikácia kľúčových determinantov určujúcich výšku pracovných príjmov zamestnancov v Slovenskej republike spolu s vyčíslením výšky vplyvu jednotlivých faktorov prostredníctvom regresnej analýzy na dátach EU-SILC za rok 2012. Z výsledkov analýzy vyplýva, že najvýznamnejšími determinantmi sú dosia...
Salvato in:
| Autore principale: | |
|---|---|
| Natura: | Capitolo di libro |
| Lingua: | slovacco |
| Soggetti: | |
| Tags: |
Nessun Tag, puoi essere il primo ad aggiungerne!!
|
MARC
| LEADER | 00000nla a2200000 4500 | ||
|---|---|---|---|
| 001 | 0186631 | ||
| 005 | 20240502073204.3 | ||
| 041 | 0 | |a slo | |
| 044 | |a SK | ||
| 245 | 1 | 0 | |a Determinanty výšky individuálnych pracovných príjmov zamestnancov v Slovenskej republike |c Miroslav Tkáč |
| 520 | |a Identifikácia kľúčových determinantov určujúcich výšku pracovných príjmov zamestnancov v Slovenskej republike spolu s vyčíslením výšky vplyvu jednotlivých faktorov prostredníctvom regresnej analýzy na dátach EU-SILC za rok 2012. Z výsledkov analýzy vyplýva, že najvýznamnejšími determinantmi sú dosiahnutý stupeň formálneho vzdelania a počet odpracovaných rokov, ktoré majú najvyšší podiel na formovaní individuálnych pracovaných príjmov zamestnancov. | ||
| 610 | 2 | 0 | |a príjmy pracovné |
| 610 | 2 | 0 | |a príjmy osobné |
| 610 | 2 | 0 | |a Slovensko |
| 610 | 2 | 0 | |a analýza regresná |
| 610 | 2 | 0 | |a vzdelanie |
| 100 | 1 | |a Tkáč, Miroslav, 1987- | |